Green Day Lyrics - The Grouch - Statistics

General Stats
  • This quiz has been taken 116 times
  • The average score is 213 of 265
Answer Stats
The Grouch % Correct
a
100%
I
98%
just
98%
had
96%
I'm
96%
Now
96%
The
96%
the
96%
was
96%
you
96%
boy
95%
old
95%
so
95%
and
93%
big
93%
man
93%
me,
93%
me
93%
plans
93%
that
93%
world
93%
young
91%
another
89%
hate
89%
shit
88%
shitty
88%
everything
86%
fuck
86%
have
84%
owes
82%
don't
80%
of
79%
fun,
77%
am
73%
can't
70%
bitch
68%
bitch,
68%
my
68%
up
68%
get
66%
Life's
66%
grouch
64%
like
64%
on
64%
Dad
63%
it
63%
Oh
63%
out
63%
point
63%
to
63%
view
63%
God,
61%
ideals
61%
kid's
61%
optimistic
61%
Wasted
61%
'cause
59%
pack
59%
sex
59%
six
59%
turning
59%
apathy
57%
couch
57%
fistful
57%
fuckin'
57%
sittin'
57%
wife's
57%
youth,
57%
days
55%
Glory
55%
mean
55%
nag,
55%
drank
54%
bad
52%
attitude
50%
got
50%
always
43%
gut's
43%
I've
41%
fat
39%
gettin'
39%
rude,
39%
grew
21%
'Til
21%
decomposed,
18%
yet
16%
No matching quizzes found
Score Distribution
Percent of People with Each Score
Percentile by Number Answered
Your Score History
You have not taken this quiz